000 00371nam a2200157Ia 4500
008 230711s9999||||xx |||||||||||||| ||und||
041 _aENG
082 _a621
_bFE-W
100 _aFeher,Kamilo
245 0 _aWirless digital communication
250 _a1st Ed.
260 _c2006
_aNew Delhi
_bPearson
300 _a524
650 _aElectronics Engineering
942 _cBK
999 _c4544
_d4544